Sống thoải mái

Salvato in:
Dettagli Bibliografici
Autore principale: Phạm, Côn Sơn
Natura: Tesi Libro
Pubblicazione: Tp. Hồ Chí MInh Phương Đông 2006
Soggetti:
Tags: Aggiungi Tag
Nessun Tag, puoi essere il primo ad aggiungerne! !
Thư viện lưu trữ: Trung tâm Học liệu Lê Vũ Hùng, Trường Đại học Đồng Tháp
LEADER 00838pam a22003378a 4500
001 00034549
005 20171026081025.0
008 161005s2006 ||||||Viesd
020 |c 25000 
041 0 # |a Vie 
082 1 4 |b S455TH  |a 158 
100 1 # |a Phạm, Côn Sơn 
245 1 0 |a Sống thoải mái  |c Phạm Côn Sơn 
260 # # |c 2006  |a Tp. Hồ Chí MInh  |b Phương Đông 
300 # # |a 259 tr.  |c 19 cm. 
653 # # |a Cuộc sống 
653 # # |a Kĩ năng sông 
653 # # |a Thư giản 
653 # # |a Tâm Lý học 
852 # # |b Kho đọc  |j KD.0017672 
852 # # |j KD.0017672 
910 # # |d 05/10/2016 
980 # # |a Trung tâm Học liệu Lê Vũ Hùng, Trường Đại học Đồng Tháp